| 000 | 00950nam a22002897a 4500 | ||
|---|---|---|---|
| 003 | EG-ScBUE | ||
| 005 | 20220201110725.0 | ||
| 008 | 220201s2019 ua f 000 f ara d | ||
| 017 | _a2018/19852 | ||
| 020 | _a9789778061161 | ||
| 040 |
_aEG-ScBUE _bara _erda _cEG-ScBUE _dEG-ScBUE |
||
| 082 | 0 | 4 |
_222 _a892.737 _bف ا ر |
| 100 | 1 |
_aفاروق، نبيل، _eمؤلف. |
|
| 245 | 1 | 0 |
_aشمس منتصف الليل : _bرواية / _cد. نبيل فاروق. |
| 246 | 3 | 1 | _aMidnight sun |
| 250 | _aالطبعة الأولى. | ||
| 264 | 1 |
_aالقاهرة : _bدار دون للنشر والتوزيع، _c2019. |
|
| 300 |
_a197 صفحة ؛ _c24 سم |
||
| 336 |
_2rdacontent _aنص _btxt |
||
| 337 |
_2rdamedia _aبدون وسيط _bn |
||
| 338 |
_2rdacarrier _aمجلد _bnc |
||
| 541 | _aBook Fair 2022. | ||
| 650 | 7 |
_aالقصص العربية _zمصر _yقرن 21. _2BUEsh |
|
| 653 | _bARALIT | ||
| 655 |
_vReading book _934232 |
||
| 942 | _2ddc | ||
| 999 |
_c29762 _d29733 |
||